000 00521 a2200157 4500
999 _c6933
_d6933
020 _a9780262522540
050 _aHD 75 BAR 1997
100 _a Barro,J Robert
_eauthor
245 _aDeterminants of economic growth :
_bA cross-country empirical study /
_cRobert J Barro
264 _aMassachussetts :
_bMIT press
_c1997
300 _a145p.:
500 _aIncludes index.
650 _aEconomic development
_xCross-cultural studies.
650 _aEconomic policy .
_xCross-cultural studies.
942 _2olc
_cBK
_h75
_iBAR
_kHD